| 000 | 00677nam a22002177a 4500 | ||
|---|---|---|---|
| 003 | DO-SdBNP | ||
| 005 | 20171212151854.0 | ||
| 008 | 151118b 1990 ve xxu||||| |||| 00| 0 spa d | ||
| 020 | _a9802303356 | ||
| 040 |
_aBPMSU _bspa _cBPMSU |
||
| 092 |
_axxxxxx _bxxxxxx |
||
| 100 | 1 |
_aVargas Vila, José María, _41860- |
|
| 245 | 1 | 0 |
_aAura o las violetas / _cJosé María Vargas Vila |
| 260 |
_aCaracas, Venezuela : _bPanapo, _c1990. |
||
| 300 |
_a57 p. ; _c20 cm. |
||
| 500 | _aIncluye datos biográficos del autor en la solapa de la contracubierta. | ||
| 910 | _a00260 | ||
| 942 |
_2ddc _cBK |
||
| 945 | _aInventariado extranjero 2017 / YL | ||
| 956 |
_aLorenza Pérez _b10 |
||
| 999 |
_c8775 _d8775 |
||